| Tag |
First Indicator |
Second Indicator |
Subfields |
| LEADER |
00000cam a2200000 a 4500 |
| 001 |
in00000990261 |
| 005 |
20150927180208.0 |
| 008 |
910130m19901993nju 00100 eng d |
| 035 |
|
|
|a (OCoLC)23030138
|
| 035 |
|
|
|9 AEY9409AM
|
| 040 |
|
|
|a CSJ
|c CSJ
|d TXA
|d UtOrBLW
|
| 049 |
|
|
|a TXAM
|
| 090 |
|
|
|a HF5549
|b .P7
|
| 245 |
0 |
0 |
|a Employee communications guide.
|
| 264 |
|
1 |
|a Englewood Cliffs, N.J. :
|b Maxwell Macmillan Professional and Business Reference Division,
|c 1990-1993.
|
| 300 |
|
|
|a 1 volume (loose leaf) ;
|c 26 cm.
|
| 336 |
|
|
|a text
|b txt
|2 rdacontent
|
| 337 |
|
|
|a unmediated
|b n
|2 rdamedia
|
| 338 |
|
|
|a volume
|b nc
|2 rdacarrier
|
| 500 |
|
|
|a Loose-leaf for updating.
|
| 500 |
|
|
|a At head of title : Human resources.
|
| 500 |
|
|
|a Issued formerly under title: Personnel management: communications (1966-1990)
|
| 500 |
|
|
|a Publisher: Prentice Hall, inc. (1966-1989)
|
| 500 |
|
|
|a Continued by Policies and Practices by Warren Gorham & Lamont.
|
| 650 |
|
0 |
|a Personnel management.
|
| 650 |
|
0 |
|a Communication in management.
|
| 650 |
|
0 |
|a Industrial relations
|z United States.
|
| 710 |
2 |
|
|a Maxwell Macmillan (Firm).
|b Professional and Business Reference Division.
|
| 740 |
0 |
|
|a Human resources.
|
| 710 |
2 |
|
|a Prentice-Hall, Inc.
|t Personnel management: communications.
|
| 740 |
0 |
|
|a Personnel management: communications.
|
| 999 |
|
|
|a MARS
|
| 999 |
f |
f |
|s ae227ada-3dee-3f23-964b-b8da80047d0e
|i 2afed3d1-b2a3-32be-ab50-02aed80873a3
|t 0
|
| 952 |
f |
f |
|p ric
|a Texas A&M University
|b Rellis Campus
|c Joint Library Facility
|d Remote Storage
|t 0
|e HF5549 .P7
|h Library of Congress classification
|i unmediated -- volume
|m A14813763371
|
| 998 |
f |
f |
|a HF5549 .P7
|t 0
|l Remote Storage
|